History Quiz

Random History Quiz

High Renaissance Artists Quiz Stats

 Plays Quiz not verified by Sporcle

Support Sporcle.
Go Orange.
Score 0/21 Timer 10:00
0 Plays Today
work title artist name % Correct
????
100%
????
99%
????
92.4%
????
90.5%
????
89%
????
66.7%
????
61.9%
????
58.6%
????
54.8%
????
51%
????
47.1%
work title artist name % Correct
????
42.9%
????
41.4%
????
40.5%
????
36.2%
????
30%
????
28.1%
????
25.7%
????
24.3%
????
22.4%
????
21%

You're not logged in!

Compare scores with friends on all Sporcle quizzes.
OR
Log In

From the Vault

Longest Beatles Songs

by jamesmorrislent

Listening to a short song on repeat doesn't count.
Remove Ads.
Support Sporcle.
Get the best of Sporcle when you Go Orange. This ad-free experience offers more features, more stats, and more fun while also helping to support Sporcle. Thank you for becoming a member.

Show Comments

Extras

Created Oct 30, 2013ReportNominate
Tags:Art History

Top Quizzes Today


Score Distribution

Your Account Isn't Verified!

In order to create a playlist on Sporcle, you need to verify the email address you used during registration. Go to your Sporcle Settings to finish the process.

Report this User

Report this user for behavior that violates our Community Guidelines.

Details: